000 00896nam a2200217Ia 4500
999 _c50632
_d50632
001 17582
003 GE_BSU
005 20210225134724.0
008 181216s1988||||ge |||||||||||||| ||geo||
040 _cGE_BSU
041 _ageo
080 _a621.397.13 ვ 26
100 _aვაჩნაძე, გიორგი
_910233
245 _aვიდეოს ერა. საუკუნე პირველი /
_cგ. ვაჩნაძე; რედ.:ე. სიხარულიძე; მხატვ. ნ.ლაფაჩი.
264 _aთბილისი :
_bგანათლება,
_c1988.
300 _a366 გვ.;
_b22 სმ.
653 _aრადიოელექტრონიკა
700 _aსიხარულიძე, ე.
_eრედაქტორი
_910234
700 _aლაფაჩი, ნ.
_eმხატვარი
_95891
942 _cBK
_2udc